| 000 | 00484nam a22001817a 4500 | ||
|---|---|---|---|
| 003 | LK-CoDNM | ||
| 005 | 20250130114105.0 | ||
| 008 | 250130b |||||||| |||| 00| 0 eng d | ||
| 040 |
_aLK-CoDNM _dLK-CoDNM _eLK-CoDNM |
||
| 041 | _aeng | ||
| 080 |
_a13 _bR19 |
||
| 100 | _aLee,Arthur Bolles | ||
| 245 | _aThe microtomist's vade-mecum | ||
| 260 |
_aLondon _bJ & A Churchill,7,Great Marlborough street _c1913 |
||
| 300 | _ax, 526p. : ill ; 22 cm | ||
| 650 | _aElements | ||
| 942 | _cBK | ||
| 999 |
_c237682 _d237682 |
||